[Event "Oberliga Ost-A 0607"]
[Site "Germany"]
[Date "2007.03.18"]
[Round "8.4"]
[White "Greger, Ubald"]
[Black "Kunze, Carlo"]
[Result "0-1"]
[WhiteElo "2120"]
[BlackElo "2312"]
[PlyCount "94"]
[EventDate "2006.10.15"]
[EventType "team-tourn"]
[EventRounds "11"]
[EventCountry "GER"]
[SourceTitle "EXT 2008"]
[Source "ChessBase"]
[SourceDate "2007.11.25"]
[SourceVersion "1"]
[SourceVersionDate "2007.11.25"]
[SourceQuality "1"]
[WhiteTeam "Leipzig Mitte II"]
[BlackTeam "Chemnitz"]
[WhiteTeamCountry "GER"]
[BlackTeamCountry "GER"]

1. e4 d6 2. c4 Nf6 3. Nc3 e5 4. g3 Be7 5. d3 c6 6. Bg2 0-0 7. Nge2 a6 8. a4 a5 9. 0-0 Na6 10. d4 exd4 11. Nxd4 Re8 12. h3 Bf8 13. b3 g6 14. Bg5 h6 15. Bc1 Nc5 16. Re1 Bg7 17. Ra2 Qb6 18. Rd2 Nfd7 19. Ba3 Nxb3 20. Nxb3 Bxc3 21. Re3 Bxd2 22. Qxd2 Ne5 23. Qc3 Be6 24. Bf1 c5 25. Nxc5 dxc5 26. Qxe5 Bxh3 27. Qc3 Bxf1 28. Kxf1 Rad8 29. Bb2 f6 30. e5 Qc6 31. Qc2 Qh1+ 32. Ke2 Qh5+ 33. Ke1 fxe5 34. g4 Qg5 35. Bc1 Qf6 36. Rh3 g5 37. Qe4 Rd4 38. Qe2 Red8 39. Be3 Rd3 40. Kf1 Kg7 41. Qb2 b6 42. Ke2 Qd6 43. Qc2 Qg6 44. Qb2 Qe4 45. Rg3 Rd1 46. Qc3 R8d3 47. Qb2 Rb1 0-1

[Event "Oberliga Ost-A 0607"]
[Site "Germany"]
[Date "2007.02.24"]
[Round "6.5"]
[White "Jahn, Constanze"]
[Black "Greger, Ubald"]
[Result "0-1"]
[WhiteElo "2205"]
[BlackElo "2120"]
[PlyCount "62"]
[EventDate "2006.10.15"]
[EventType "team-tourn"]
[EventRounds "11"]
[EventCountry "GER"]
[SourceTitle "EXT 2008"]
[Source "ChessBase"]
[SourceDate "2007.11.25"]
[SourceVersion "1"]
[SourceVersionDate "2007.11.25"]
[SourceQuality "1"]
[WhiteTeam "Halle USV"]
[BlackTeam "Leipzig Mitte II"]
[WhiteTeamCountry "GER"]
[BlackTeamCountry "GER"]

1. e4 d6 2. d4 Nf6 3. Nc3 e5 4. Nf3 Nbd7 5. Bc4 Be7 6. 0-0 c6 7. Bb3 0-0 8. a4 b6 9. a5 b5 10. Re1 a6 11. dxe5 dxe5 12. Bd2 Qc7 13. Nh4 Nc5 14. Nf5 Bxf5 15. exf5 e4 16. g4 h5 17. h3 hxg4 18. hxg4 b4 19. g5 Nxb3 20. cxb3 bxc3 21. Bxc3 Rfd8 22. Qe2 Nd5 23. g6 Qf4 24. gxf7+ Kxf7 25. Qh5+ Kg8 26. Ra4 Nxc3 27. bxc3 Rd2 28. Rf1 Rf8 29. Qh1 Rxf5 30. Qxe4 Rg5+ 31. Kh1 Rh5+ 0-1

[Event "Oberliga Ost-A 0506"]
[Site "Germany"]
[Date "2005.11.27"]
[Round "3.5"]
[White "Greger, Ubald"]
[Black "Seifert, Volker"]
[Result "1/2-1/2"]
[WhiteElo "2085"]
[BlackElo "2294"]
[PlyCount "152"]
[EventDate "2005.11.13"]
[EventType "team-tourn"]
[EventRounds "11"]
[EventCountry "GER"]
[SourceTitle "EXT 2007"]
[Source "ChessBase"]
[SourceDate "2006.11.23"]
[SourceVersion "1"]
[SourceVersionDate "2006.11.23"]
[SourceQuality "1"]
[WhiteTeam "Leipzig Lok Mitte II"]
[BlackTeam "Dresden"]
[WhiteTeamCountry "GER"]
[BlackTeamCountry "GER"]

1. e4 c5 2. c4 Nc6 3. Nc3 g6 4. g3 Bg7 5. Bg2 e6 6. Nge2 Nge7 7. d3 a6 8. a3 Rb8 9. Rb1 d6 10. 0-0 Nd4 11. b4 0-0 12. Bf4 e5 13. Bg5 f6 14. Bd2 f5 15. Nxd4 cxd4 16. Nd5 Nxd5 17. cxd5 f4 18. g4 f3 19. Bxf3 Qh4 20. Be2 Bh6 21. Bxh6 Qxh6 22. Qc1 Qh4 23. f3 Rf7 24. Kh1 Bd7 25. Qd2 Rbf8 26. Rg1 g5 27. Rg3 Bb5 28. Kg2 Qh6 29. h4 Rc8 30. Rc1 Rfc7 31. Rxc7 Rxc7 32. hxg5 Qf8 33. Rh3 Be8 34. Rh1 Qf4 35. Qxf4 exf4 36. Rh6 Bg6 37. Rh1 Rc2 38. Kf2 Kf8 39. Ra1 Be8 40. Rh1 Kg7 41. Ra1 Kg6 42. Rh1 Bb5 43. Ke1 Rc1+ 44. Bd1 Ra1 45. Kd2 Rxa3 46. Rh6+ Kxg5 47. Rxh7 Rxd3+ 48. Kc1 Rc3+ 49. Kd2 Ra3 50. Rxb7 Kf6 51. Rh7 Ra2+ 52. Kc1 d3 53. Rh5 Rf2 54. Rf5+ Kg6 55. Rxf4 d2+ 56. Kb2 Rf1 57. Kc2 Ba4+ 58. Kxd2 Rxd1+ 59. Kc3 Kg7 60. Rf5 Bd7 61. Rg5+ Kf6 62. Rh5 Rf1 63. Rh3 Ke5 64. Rh5+ Kf4 65. Rh7 Rxf3+ 66. Kd4 Bxg4 67. Rf7+ Kg3 68. Rxf3+ Kxf3 69. e5 dxe5+ 70. Kxe5 Ke3 71. d6 Kd3 72. Kd5 Bd7 73. Kc5 Kc3 74. Kb6 Bb5 75. d7 Bxd7 76. Kxa6 Kxb4 1/2-1/2